Sanat - "Laulu joulupukille" - Statistics

Yleistilastot
  • Tätä visaa on pelattu 24 kertaa
  • Keskiarvotulos 35 / 67
Vastaustilastot
Vastaus % Oikein
joulu
100%
Joulupukki
100%
on
87%
on
87%
aivan
67%
ja
67%
ja
67%
ja
67%
ja
67%
joulupukin
67%
kalkattaa
67%
kohoaa
67%
maa
67%
missä
67%
missä
67%
ne
67%
poronkello
67%
revontulet
67%
siel
67%
Siellä
67%
siellä
67%
siellä
67%
tunturit
67%
loimuaa
60%
mutkitellen
60%
näin
60%
rinnan
60%
Satulinna
60%
vie
60%
ajotie
53%
asunnon
53%
kuunnella
53%
nyt
53%
päin
53%
salomaille
53%
tänne
53%
ehditkö
47%
hepo
47%
huudella
47%
jos
47%
joulutontun
47%
nukke
47%
ota
47%
sulle
47%
täältä
47%
taas
47%
mukahan
40%
riemu
40%
tahdon
40%
tähtiin
40%
tuike
40%
tuo
40%
tupahan
40%
ennenkin
33%
jaksat
33%
kuin
33%
syttynyt
33%
tule
33%
vain
33%
ain
27%
josta
27%
kiltti
27%
lupaan
27%
olla
27%
sinä
27%
suinkin
27%
voit
27%
Ehtoja vastaavia visoja ei löytynyt
Tulosjakauma
Jokaisen tuloksen saaneiden osuus
Persentiili vastausten määrän mukaan
Tuloshistoriasi
Et ole pelannut tätä visaa